Taylor Swift - Paroles Begin Again - Statistiques

Statistiques générales
  • Ce quiz a été pris 43 fois
    39 depuis la dernière actualisation
  • Le résultat moyen est 286 sur 336
Statistiques - réponses
Hint Réponse % Correct
a
100%
again
100%
be
100%
begin
100%
He
100%
he
100%
I
100%
it
100%
on
100%
you
100%
You
100%
But
96%
cafe
96%
did
96%
do
96%
do,
96%
in
96%
watched
96%
We
96%
we
96%
Wednesday
96%
when
96%
and
92%
And
92%
ever
92%
like
92%
Like
92%
never
92%
that
92%
That
92%
the
92%
to
92%
who
92%
'cause
88%
Refrain 'Cause
88%
funny,
88%
is
88%
Is
88%
it's
88%
me
88%
my
88%
think
88%
walk
88%
your
88%
all
85%
back
85%
been
85%
break
85%
burn,
85%
end
85%
for
85%
head
85%
heels
85%
high
85%
I'm
85%
I've
85%
kid
85%
little
85%
strange
85%
Walked
85%
walked
85%
wore
85%
8
81%
does
81%
every
81%
first
81%
last
81%
laughing
81%
love
81%
months
81%
said
81%
Thinking
81%
time
81%
Christmas
77%
didn't
77%
spending
77%
What's
77%
about
73%
As
73%
as
73%
down
73%
family
73%
girl
73%
had
73%
how
73%
met
73%
past
73%
talk
73%
don't
69%
know
69%
throw
69%
Couplet 1 Took
69%
want
69%
deep
65%
mirror
65%
off
65%
single
65%
Taylor
65%
why
65%
you'd
65%
breath
62%
many
62%
movies
62%
one
62%
song
62%
start
62%
up
62%
watches
62%
always
58%
get
58%
headphones
58%
records
58%
shy
58%
this
58%
8
54%
almost
54%
brought
54%
car
54%
expecting
54%
him
54%
James
54%
late
54%
nice
54%
got
50%
here
50%
put
50%
chair
46%
coming
46%
out
46%
pull
46%
Turn
46%
block,
42%
early
42%
wave
38%
lock
35%
stand
35%
tell
35%
help
27%
stories
23%
Aucun quiz correspondant
Distribution des résultats
% des personnes avec chaque résultat
Percentile par nombre de réponses
Votre historique - résultats
Vous n’avez pas pris ce quiz depuis la dernière actualisation